000
00313nam a2200133Ia 4500
008
220216s9999 xx 000 0 und d
100
_a
Thomas V
245
0
_a
Manalpparambile pareekshanam
260
_b
Rubber
_c
2007
300
_a
21
700
_a
Ramachandran P K
700
_a
Satheeshchandran R
942
_c
ML
999
_c
72820
_d
72820